| 000 | 00744nam a2200181Ia 4500 | ||
|---|---|---|---|
| 005 | 20250423094352.0 | ||
| 008 | 250422s9999 xx 000 0 und d | ||
| 020 | _a9780367370538 | ||
| 050 | _aPN 1995.9 .W67/ | ||
| 100 | _aWorley, Tracy L.F | ||
| 245 | 0 | _aAfrican American Female Leadership in Major motion pictures from Marginalized to Mainstream | |
| 260 | _aLondon | ||
| 260 | _bRoutledge | ||
| 260 | _c2024 | ||
| 300 | _aix, 73p.: ill. | ||
| 650 | _aAfrican American women in film; Representation in Hollywood; Diversity in cinema; Black women leadership; Race and gender in media; Women in motion pictures; Film industry and inclusion; Media studies; African American cultural studies; Hollywood and social change. | ||
| 942 | _cBK | ||
| 999 |
_c27035 _d27035 |
||